<?xml version="1.0" encoding="UTF-8"?>
<collection xmlns="http://www.loc.gov/MARC21/slim">
  <record>
    <leader>00000nam  2200000   4500</leader>
    <controlfield tag="001">INLIS000000000016057</controlfield>
    <controlfield tag="005">20231023012016</controlfield>
    <datafield tag="035" ind1="#" ind2="#">
      <subfield code="a">0010-1023000139</subfield>
    </datafield>
    <controlfield tag="007">ta</controlfield>
    <controlfield tag="008">231023################g##########0#ind##</controlfield>
    <datafield tag="020" ind1="#" ind2="#">
      <subfield code="a">978-623-314-139-0</subfield>
    </datafield>
    <datafield tag="082" ind1="#" ind2="#">
      <subfield code="a">153.2</subfield>
    </datafield>
    <datafield tag="084" ind1="#" ind2="#">
      <subfield code="a">153.2 KOR s</subfield>
    </datafield>
    <datafield tag="100" ind1=" " ind2="#">
      <subfield code="a">Kornelius Sabat</subfield>
    </datafield>
    <datafield tag="245" ind1="1" ind2="#">
      <subfield code="a">111 Extraordinary Stories :</subfield>
      <subfield code="b">Kisah-kisah luar biasa yang akan mengubah hidupmu! /</subfield>
      <subfield code="c">Kornelius Sabat</subfield>
    </datafield>
    <datafield tag="250" ind1="#" ind2="#">
      <subfield code="a">1</subfield>
    </datafield>
    <datafield tag="260" ind1="#" ind2="#">
      <subfield code="a">Magelang :</subfield>
      <subfield code="b">Andi,</subfield>
      <subfield code="c">2021</subfield>
    </datafield>
    <datafield tag="300" ind1="#" ind2="#">
      <subfield code="a">xi, 274 hal. ;</subfield>
      <subfield code="c">21 cm</subfield>
    </datafield>
    <datafield tag="650" ind1="#" ind2="4">
      <subfield code="a">Inspiratif</subfield>
    </datafield>
    <datafield tag="520" ind1="#" ind2="#">
      <subfield code="a">Hidup ini bukan hanya soal motivasi dan inspirasi saja, melainkan juga soal seni. Setiap kehidupan selalu mengandung makna yang bisa dijadikan pembelajaran dalam kehidupan kita. Pengalaman yang enak maupun tidak enak, suka maupun duka, sehat maupun sakit, kelimpahan maupun kekurangan, sukses maupun gagalm serta naik maupun turun, harus selalu menjadi cambuk yang membuat semangat kehidupan ini menyala dan tetap bergairah.&#13;
Seni hidup dibutuhkan untuk menjadikan kehidupan ini menginspirasi, memengaruhi, dan menjadi teladan bagi orang lain. Tanpa seni, hidup terlalu sukar untuk dijalani dan akhirnya terlalu sulit untuk menjadi ucapan syukur! Hal ini adalah lahkah awal kita untuk dapat meraih mimpi-mimpi. &#13;
Kisah-kisah inspiratif dalam buku ini, mendorong kita untuk belajar melihat semua kejadian dalam kehidupan yang kita alami sendiri maupun hal yang sedang orang lain alami dari kacamata Tuhan, supaya kita bisa menjalani kehidupan ini dengan bermakna.</subfield>
    </datafield>
    <datafield tag="856" ind1="#" ind2="#">
      <subfield code="a">Perpustakaan LAN Pusat</subfield>
    </datafield>
    <datafield tag="990" ind1="#" ind2="#">
      <subfield code="a">231019816</subfield>
    </datafield>
  </record>
</collection>
